| 000 | 00489nam a2200157Ia 4500 | ||
|---|---|---|---|
| 008 | 210210b2001 xxu||||| |||| 00| 0 eng d | ||
| 020 | _a81 250 2165 5 | ||
| 082 | _a190 MOYR | ||
| 100 | _aMOYA (Paula M L) and HAMES-GARCIA (Michael R). | ||
| 245 | _aReclaiming identity: realist theory and the predicament of postmodernism. | ||
| 260 |
_aHyderabad _bOrient Longman Ltd _c2001 |
||
| 300 | _aviii,354 | ||
| 650 | _aRealist theory postmodernism | ||
| 690 | _aPhilosophy | ||
| 906 | _a059358 | ||
| 999 |
_c106262 _d106262 |
||